Hauptstädte Europas Speed-Schwer - Statistiken

Allgemein
  • Dieses Quiz wurde 195 mal gespielt
  • Das Durchschnittsergebnis liegt bei 5 aus 6
Antwortstatistiken
Land Hauptstadt % Korrekt
Liechtenstein Vaduz
97%
Andorra Andorra la Vella
90%
Moldawien Chisinau
86%
Slowenien Ljubljana
85%
Nordmazedonien Skopje
79%
Montenegro Podgorica
65%
Keine übereinstimmenden Quizze gefunden
Verteilung der Resultate
Anzahl Personen mit jedem Resultat
Perzentil nach korrekt beantworteten Fragen
Ihre Resultats-Entwicklung
Sie haben dieses Quiz noch nicht gespielt